| 000 | 00338nam a2200133Ia 4500 | ||
|---|---|---|---|
| 005 | 20260328101531.0 | ||
| 008 | 260328s9999||||xx |||||||||||||| ||und|| | ||
| 100 | _aMarisa Barda | ||
| 245 | 0 |
_aConcurso de projeto de Arquitectura e Urbanismo / _cMarisa Barda |
|
| 260 | _bSau Paulo | ||
| 300 | _a257 p. | ||
| 650 | _aURBANISMO | ||
| 942 | _cBK | ||
| 999 |
_c9995 _d9995 |
||